Analysis and fate of pollutants / (Record no. 13494)

MARC details
000 -LEADER
fixed length control field 00976pam a2200301 a 4500
001 - CONTROL NUMBER
control field 3369264
005 - DATE AND TIME OF LATEST TRANSACTION
control field 20170719123630.0
007 - PHYSICAL DESCRIPTION FIXED FIELD--GENERAL INFORMATION
fixed length control field 000
008 - FIXED-LENGTH DATA ELEMENTS--GENERAL INFORMATION
fixed length control field 000
010 ## - LIBRARY OF CONGRESS CONTROL NUMBER
LC control number 87034116
020 ## - INTERNATIONAL STANDARD BOOK NUMBER
International Standard Book Number 2881246524 (Switzerland)
040 ## - CATALOGING SOURCE
Original cataloging agency UOEL
Transcribing agency DLC
Modifying agency DLC
050 00 - LIBRARY OF CONGRESS CALL NUMBER
Classification number QD75.2
Item number .A518 1988
082 00 - DEWEY DECIMAL CLASSIFICATION NUMBER
Classification number 628.5/028/7
Edition number 19
245 00 - TITLE STATEMENT
Title Analysis and fate of pollutants /
Statement of responsibility, etc edited by J. Tarradellas, J. Albaigés, R.W. Frei.
260 ## - PUBLICATION, DISTRIBUTION, ETC. (IMPRINT)
Place of publication, distribution, etc New York :
Name of publisher, distributor, etc Gordon and Breach Science Publishers,
Date of publication, distribution, etc c1988.
300 ## - PHYSICAL DESCRIPTION
Extent x, 564 p. :
Other physical details ill. ;
Dimensions 24 cm.
440 #0 - SERIES STATEMENT/ADDED ENTRY--TITLE
Title Current topics in environmental and toxicological chemistry,
International Standard Serial Number 0275-2581 ;
Volume number/sequential designation v. 13
504 ## - BIBLIOGRAPHY, ETC. NOTE
Bibliography, etc Includes bibliographies and indexes.
650 #0 - SUBJECT ADDED ENTRY--TOPICAL TERM
Topical term or geographic name as entry element Chemistry, Analytic.
Topical term or geographic name as entry element Pollutants
General subdivision Analysis.
Topical term or geographic name as entry element Environmental chemistry.
700 1# - ADDED ENTRY--PERSONAL NAME
Personal name Tarradellas, J.
Personal name Albaigés, J.
Personal name Frei, R. W.
Fuller form of name (Roland W.)
906 ## - LOCAL DATA ELEMENT F, LDF (RLIN)
a 7
b cbc
c orignew
d 1
e ocip
f 19
g y-gencatlg
942 ## - ADDED ENTRY ELEMENTS (KOHA)
Source of classification or shelving scheme Library of Congress Classification
Item type SES Book
Holdings
Withdrawn status Lost status Source of classification or shelving scheme Damaged status Not for loan Home library Current library Shelving location Date acquired Total Checkouts Full call number Barcode Date last seen Copy number Price effective from Koha item type
    Library of Congress Classification     UOE Main Library UOE Main Library Open shelf 19/07/2017   QD75.2 .A518 1988 20019678 27/04/2026 20019678 19/07/2017 SES Book